Hệ quản trị cơ sở dữ liệu Access

Trình bày tổng quan về hệ quản trị sơ sở dữ liệu; hệ quản trị dữ liệu Access, Table, Query, Form, Report, Macro; các khái niệm và các hàm cơ bản; xử lý các đối tượng; thiết kế menu

Guardat en:
Dades bibliogràfiques
Autor principal: Nguyễn, Văn Nghiễm
Altres autors: Lê, Thị Hoàng Anh
Format: Llibre
Idioma:Undetermined
Publicat: H. Xây dựng 2016
Matèries:
Accés en línia:http://lrc.tdmu.edu.vn/opac/search/detail.asp?aID=2&ID=32016
Etiquetes: Afegir etiqueta
Sense etiquetes, Sigues el primer a etiquetar aquest registre!
Thư viện lưu trữ: Trung tâm Học liệu Trường Đại học Thủ Dầu Một
LEADER 01033nam a2200217Ia 4500
001 TDMU_32016
008 210410s9999 xx 000 0 und d
082 |a 398.24529609597 
090 |b NG527 
100 |a Nguyễn, Văn Nghiễm 
245 0 |a Hệ quản trị cơ sở dữ liệu Access 
245 0 |c Nguyễn Văn Nghiễm (chủ biên), Lê Thị Hoàng Anh 
260 |a H. 
260 |b Xây dựng 
260 |c 2016 
300 |a 322tr. 
520 |a Trình bày tổng quan về hệ quản trị sơ sở dữ liệu; hệ quản trị dữ liệu Access, Table, Query, Form, Report, Macro; các khái niệm và các hàm cơ bản; xử lý các đối tượng; thiết kế menu 
650 |a Cơ sở dữ liệu  |x Hệ quản trị; Microsoft Access 
700 |a Lê, Thị Hoàng Anh 
856 |u http://lrc.tdmu.edu.vn/opac/search/detail.asp?aID=2&ID=32016 
980 |a Trung tâm Học liệu Trường Đại học Thủ Dầu Một